Statistics for Egypt True or False?

Click here to take the quiz!

General Stats

  • This quiz has been taken 754 times
  • The average score is 10 of 15

Answer Stats

QuestionAnswer% Correct
About 95% of Egypt's population live along the banks and delta of the NileTrue
87%
Pharaoh Tutankhamun only aged 19 years before dyingTrue
86%
Cairo is on the coastFalse
77%
Cleopatra was the only female Pharaoh of ancient EgyptFalse
77%
The founder of modern-day Egypt was actually an ethnically Albanian from the Ottoman EmpireTrue
75%
The Great Pyramid of Giza is the only one of the ancient Wonders of the World that still standsTrue
70%
Coptic Christians are a part of the Protestant ChurchFalse
67%
The Muslim Brotherhood is the ruling political party in EgyptFalse
63%
Egypt recognizes Israel as an independent countryTrue
63%
The government of Egypt is planning to move its capital to a new location until 2030True
62%
Hosni Mubarak was executed by a firing squad the day he was overthrownFalse
61%
Erwin Rommel conquered the entire coast of Egypt during WWIIFalse
58%
Some form of the ancient Egyptian language is still spokenTrue
52%
Egypt has the lowest average yearly precipitation of any countryTrue
34%
The Suez Canal was built during the British occupation of EgyptFalse
24%

Score Distribution

Percentile by Number Answered

Percent of People with Each Score

Your Score History

You have not taken this quiz